000 00421nam a2200181Ia 4500
005 20240913125134.0
008 240913s9999||||xx |||||||||||||| ||und||
041 _aENGLISH
082 _A658.40353 N5
100 _aJones,Ken
245 0 _aIcebrakers
250 _a1st
260 _c1998
_bViva Books,New Delhi
500 _aREFERENCE
650 _aManagement
_bManagement Studies
942 _cREF
999 _c244880
_d244880